| 000 | 00602nam a22002057a 4500 | ||
|---|---|---|---|
| 003 | BD-DhJNU | ||
| 005 | 20250323050802.0 | ||
| 008 | 250323b |||||||| |||| 00| 0 eng d | ||
| 020 | _a9004068295 | ||
| 040 |
_aBD-DhJNU _bENG _cBD-DhJNU _dBD-DhJNU |
||
| 082 |
_223 _a297.5 |
||
| 245 |
_aContributions to Asian studies / _cEdited by Ishwaran and Bardwell L. Smith |
||
| 260 |
_aLeiden : _bE.J. Brill, _c1982. |
||
| 300 |
_axvii, 118 p. : _c23 cm. |
||
| 504 | _aincludes index | ||
| 650 | _aIslam in Asia | ||
| 700 |
_aIshwaran, K. _eEditor |
||
| 700 |
_aSmith, L. Bardwell _eEditor |
||
| 942 |
_2ddc _cBK _n0 |
||
| 999 |
_c1526 _d1526 |
||